000 00584nam a2200181 i 4500
001 30103
003 ES-MaACL
005 20250822012739.0
007 t|
008 030123s1961 sp ||||1| spa d
100 1 _aBarra, Giovanni.
_925806
245 1 0 _aCómo dirigir a los jóvenes /
_cGiovanni Barra ; traducción del italiano por el profesor Antonio Alvárez de Linera.
260 _aMadrid :
_bStudium,
_c[1961]
300 _a203 p. ;
_c19 cm.
700 1 _aÁlvarez de Linera, Antonio,
_d1888-1961
_9149717
852 _aES-MaACL
_jF-14090
_bR.47979
999 _c30103
_d30103